Stateless Nations by Clue - Statistics

General Stats
  • This quiz has been taken 712 times
  • The average score is 14 of 22
Answer Stats
Location Clue Answer % Correct
Spain, France Speak a language that is completely unrelated to Romance languages Basques
87%
Canada French-speaking part of Canada Québécois
87%
Middle East Were promised a state after WWI, but that promise was broken 3 years later Kurds
85%
United Kingdom Founded an independent kingdom in the 9th century, north of England Scots
82%
China Buddhist minority of China that lives on "the Roof of the World" Tibetans
82%
Spain This people's language was brutally suppressed under the leadership of Francisco Franco Catalans
81%
Italy Their capital is Palermo Sicilians
80%
United Kingdom A Celtic nation with more sheep in their land than people Welsh people
75%
United States Their language was used during WWII to prevent the Japanese from being able to decode American messages Navajo people
67%
Chile The easternmost Polynesian culture known for their giant moai statues Rapa Nui people
66%
China A Turkic people group that is currently experiencing ethnic cleansing Uyghurs
66%
Scandinavia Inhabitants of northern Norway, Sweden, Finland, and Russia known for their semi-nomadic reindeer herding Sámi people
65%
Central America Descendants of a civilization that built the city of Chichén Itzá Mayans
63%
Russia Native to the Caucuses and have experienced two wars since the fall of the Soviet Union Chechens
58%
Spain A Celtic nation closely related to the Portuguese Galicians
55%
Russia Second-largest ethnic group of Russia Tatars
52%
Netherlands, Germany From the coastal regions of the Netherlands and northwestern Germany Frisians
50%
Japan The indigenous people of Hokkaido Ainu people
44%
Myanmar (Burma) A genocide led by the Burmese military forced 740,000 to move to Bangladesh Rohingya people
42%
Middle East Predominantly Christian people that claim to be descended of an old empire dating back to 2500 BC Assyrians
40%
Nigeria Attempted to secede from Nigeria, which started the Nigerian Civil War Igbo people
35%
Pakistan, Iran, Afghanistan Currently seeks total independence from Pakistan Baloch people
32%
No matching quizzes found
Score Distribution
Percent of People with Each Score
Percentile by Number Answered
Your Score History
You have not taken this quiz